000 01077nam a22002537a 4500
005 20170124103048.0
010 _aA-706117
020 _c60.00
_a8186509038
035 _aA-706117
037 _bCen Lib/Ret
040 _aDPL
_bHN
082 _a
_bवनक
245 _aवन-कथा /
_cसंपादक गंगाप्रसाद विमल
246 _aVan-kathaa /
_bsampadak Gangaprasad Vimal
260 _aदिल्ली
_bशाश्वत प्रकाशन
_c1994
270 _a5452, शिव मार्किट, न्यू चन्द्रावल जवाहर नगर
_bदिल्ली
_e110007
300 _a119पृ.
_c21सेमी (सजिल्द)
650 _a हिन्दी साहित्य
_969531
650 _a हिन्दी साहित्य -- कहानियाँ
_969532
650 _aHindi literature
_969533
650 _aHindi literature -Stories
_969534
700 _aविमल, गंगाप्रसाद
_943083
942 _2ddc
_cHN
_h
_mवनक
999 _c117008
_d117008